Vývoj obyvateľstva v Slovenskej republike. 1

Charakteristika vývoja obyvateľstva SR v posledných rokoch. Spomaľovanie reprodukcie obyvateľstva, znižovanie pôrodnosti, stagnujúca úmrtnosť obyvateľstva, výrazný úbytok narodených detí ako najvýraznejšej charakteristiky populačného vývoja. Vývoj jednotlivých demografických procesov v rokoch 1990-1...

Descrizione completa

Salvato in:
Dettagli Bibliografici
Autore principale: Tirpák, M.
Natura: Capitolo di libro
Lingua:slovacco
Soggetti:
Tags: Aggiungi Tag
Nessun Tag, puoi essere il primo ad aggiungerne!!

MARC

LEADER 00000naa a2200000 4500
001 r021370
005 20230825075902.2
041 0 |a slo 
044 |a SK 
245 1 0 |a Vývoj obyvateľstva v Slovenskej republike. 1  |c M. Tirpák 
520 |a Charakteristika vývoja obyvateľstva SR v posledných rokoch. Spomaľovanie reprodukcie obyvateľstva, znižovanie pôrodnosti, stagnujúca úmrtnosť obyvateľstva, výrazný úbytok narodených detí ako najvýraznejšej charakteristiky populačného vývoja. Vývoj jednotlivých demografických procesov v rokoch 1990-1995. Štatistické údaje týkajúce sa uzatvárania nových manželstiev a rozpadu manželstiev. Vývoj základných demografických charakteristík v rokoch 1980-1989. 
610 2 0 |a vývoj populačný 
610 2 0 |a Slovensko 
610 2 0 |a demografia 
610 2 0 |a ukazovatele štatistické 
610 2 0 |a obyvateľstvo 
610 2 0 |a 1980-1989 
610 2 0 |a 1990-1995 
100 1 |a Tirpák, M.